Internetový marketing : Praktické rady, tipy, návody a postupy pro využití internetu v marketingu

Salvato in:
Dettagli Bibliografici
Autore principale: Hlavenka, Jiří (Autore)
Natura: Libro
Lingua:ceco
Pubblicazione: Praha : Computer Press, 2001
Edizione:1. vyd.
Soggetti:
Accesso online:OBSAH
Tags: Aggiungi Tag
Nessun Tag, puoi essere il primo ad aggiungerne!!

MARC

LEADER 00000nam a22000003a 4500
001 stu80115
005 20150617225639.5
008 030331s2001----xr------------------cze-d
020 |a 80-7226-498-2 
040 |a STU  |b slo 
041 0 |a cze 
044 |a xr 
080 |a 004.738.5 
080 |a 658.8 
100 1 |a Hlavenka, Jiří  |4 aut 
245 1 |a Internetový marketing :  |b Praktické rady, tipy, návody a postupy pro využití internetu v marketingu 
250 |a 1. vyd. 
260 |a Praha :  |b Computer Press,  |c 2001 
300 |a 157 s 
650 7 |a internet  |2 stusub 
650 7 |a marketing  |2 estusub 
856 4 |a https://sweb.mtf.stuba.sk/obsahy/internetovy_marketing_prakticke_rady_tipy_navody_a_postupy_01.pdf  |u https://sweb.mtf.stuba.sk/obsahy/internetovy_marketing_prakticke_rady_tipy_navody_a_postupy_01.pdf  |3 OBSAH 
996 |b 284EK84924  |c R*84924  |l RRUM  |s A  |a 24  |w stu80115_0001 
996 |b 284M039743  |c M*11098-1  |l MMKN  |s A  |a 24  |w stu80115_0002